Nazwij pasujące wyspiarskie państwo - Statystyki

Ogólne statystyki
  • Ten quiz został rozwiązany 6 733 razy
    6 670 od ostatniego zresetowania
  • Średni wynik to 13 z 20
Statystyki odpowiedzi
Nazwij wyspiarskie państwo... Państwo % Poprawnych
które graniczy z innym państwem: Brunei | Dominikana | Haiti | Indonezja | Irlandia | Papua-Nowa Gwinea | Timor Wschodni | Wielka Brytania
98%
które leży na Karaibach, ale nie używa angielskiego jako swojego języka urzędowego: Dominikana | Haiti | Kuba
91%
które leży nad Morzem Śródziemnym: Cypr | Malta
89%
które ma w swojej nazwie słowo "święty" w dowolnym języku i formie: Saint Kitts i Nevis | Saint Lucia | Saint Vincent i Grenadyny | Wyspy Świętego Tomasza i Książeca
87%
które ma w swojej nazwie słowo "Wyspy": Wyspy Marshalla | Wyspy Salomona | Wyspy Świętego Tomasza i Książęca
87%
którego nazwa kończy się na "ezja": Mikronezja | Indonezja
86%
którego nazwa zaczyna się na "T": Tajwan | Timor Wschodni | Tonga | Trynidad i Tobago | Tuvalu
86%
w którym żyje ponad 100 milionów osób: Indonezja | Japonia | Filipiny
85%
w którym co najmniej 50% obywateli to muzułmanie: Bahrajn | Brunei | Indonezja | Komory | Malediwy
76%
które jest państwem afrykańskim: Komory | Madagaskar | Mauritius | Republika Zielonego Przylądka | Seszele | Wyspy Świętego Tomasza i Książeca
67%
którego waluta to peso: Kuba | Dominikana | Filipiny
67%
w którym żyje mniej niż 50 tysięcy osób: Nauru | Palau | Tuvalu
60%
które ma Krzyż Południa na swojej fladze: Nowa Zelandia | Papua-Nowa Gwinea | Samoa
56%
które ma Union Jacka na swojej fladze: Fidżi | Nowa Zelandia | Tuvalu | Wielka Brytania
55%
które graniczy z co najmniej dwoma oceanami: Timor Wschodni | Indonezja
53%
które jest całkowicie na północ od równoleżnika 60°N: Islandia
51%
które używa portugalskiego jako swojego języka urzędowego: Republika Zielonego Przylądka | Timor Wschodni | Wyspy Świętego Tomasza i Książeca
36%
które używa jednego z języków kreolskich jako swojego języka urzędowego: Haiti | Mauritius | Papua-Nowa Gwinea | Seszele | Vanuatu
34%
które jest uznawane przez JetPunka, lecz nie przez ONZ: Tajwan
33%
które ma PKB (PPP) per capita większe niż 70 000$: Singapur | Brunei | Irlandia
32%
Nie znaleziono quizów pasujących do podanych kryteriów
Rozkład punktacji
Procent ludzi z każdym wynikiem
Percentyl według liczby udzielonych odpowiedzi
Twoja historia wyników
Nie rozwiązałeś tego quizu od ostatniego zresetowania